[Event "Lichtenrader Herbst 2014"]
[Site "Berlin-Lichtenrade"]
[Date "2014.10.18"]
[Round "1.11"]
[White "Parligras, Cosmin"]
[Black "Grassi, Fabrizio"]
[Result "1/2-1/2"]
[WhiteElo "2261"]
[BlackElo "1891"]
[PlyCount "76"]
[EventDate "2014.??.??"]

1. e4 d5 2. exd5 Nf6 3. d4 Nxd5 4. c4 Nb6 5. Nc3 e5 6. c5 exd4 7. cxb6 dxc3 8.
Qxd8+ Kxd8 9. bxc7+ Kxc7 10. Bf4+ Bd6 11. Bxd6+ Kxd6 12. O-O-O+ Ke7 13. bxc3
Be6 14. Nf3 Nc6 15. Bb5 Rhd8 16. Bxc6 Rxd1+ 17. Rxd1 bxc6 18. Nd4 Bd5 19. f3 g6
20. Kc2 a5 21. a4 Kd6 22. Rb1 Kc7 23. Re1 Kd7 24. Rb1 Kc7 25. Kd3 Rd8 26. c4
Bxf3 27. gxf3 c5 28. Rb5 Rxd4+ 29. Ke3 Kc6 30. Rxa5 Rxc4 31. Ra7 Rh4 32. Rxf7
Rxh2 33. Ke4 Rh4+ 34. Ke5 Rh5+ 35. Ke4 c4 36. Kd4 Rh4+ 37. f4 g5 38. Kxc4 Rxf4+
1/2-1/2

[Event "Lichtenrader Herbst 2014"]
[Site "Berlin-Lichtenrade"]
[Date "2014.10.18"]
[Round "1.12"]
[White "Gremm, Albert Juergen"]
[Black "Lerch, Philipp"]
[Result "0-1"]
[WhiteElo "1876"]
[BlackElo "2297"]
[PlyCount "82"]
[EventDate "2014.??.??"]

1. Nc3 d5 2. e4 c6 3. Nf3 Bg4 4. h3 Bxf3 5. Qxf3 e6 6. exd5 cxd5 7. d4 Nc6 8.
Bb5 Qb6 9. O-O Bb4 10. Re1 Nge7 11. Bg5 O-O 12. Bxc6 Nxc6 13. Be3 Bxc3 14. bxc3
Qb2 15. Rac1 Qxc3 16. Red1 Qc4 17. Qg3 Ne7 18. Qe5 Rac8 19. h4 Nf5 20. Bg5 Rc6
21. Bf6 gxf6 22. Qxf6 Ng7 23. Rd3 e5 24. Qxe5 Re6 25. Qg5 Rg6 26. Qf4 Qxa2 27.
Re3 Ne6 28. Qe5 Qb2 29. Rd1 Qxc2 30. Rdd3 Qc1+ 31. Kh2 Qf1 32. Rg3 Rc8 33. h5
Rc1 34. Rxg6+ hxg6 35. Rh3 Qxf2 36. Qb8+ Nf8 37. hxg6 Qg1+ 38. Kg3 Rc3+ 39. Kf4
Qxd4+ 40. Kf5 Qe4+ 41. Kf6 Rc6+ 0-1

[Event "Lichtenrader Herbst 2014"]
[Site "Berlin-Lichtenrade"]
[Date "2014.10.18"]
[Round "1.13"]
[White "Stigar, Petter"]
[Black "Schulz, Stefan"]
[Result "1/2-1/2"]
[WhiteElo "2225"]
[BlackElo "1819"]
[PlyCount "32"]
[EventDate "2014.??.??"]

1. Nf3 c5 2. c4 Nf6 3. g3 e6 4. Bg2 d5 5. cxd5 exd5 6. d4 Nc6 7. O-O Qb6 8.
dxc5 Bxc5 9. Nc3 Ne4 10. Nxd5 Bxf2+ 11. Kh1 Qd8 12. Bf4 Bb6 13. Nxb6 Qxb6 14.
Qd5 Nf2+ 15. Rxf2 Qxf2 16. Bd6 Qe3 1/2-1/2

[Event "Lichtenrader Herbst 2014"]
[Site "Berlin-Lichtenrade"]
[Date "2014.10.18"]
[Round "1.14"]
[White "Schindler, Rudolf"]
[Black "Sawlin, Leonid"]
[Result "0-1"]
[WhiteElo "1848"]
[BlackElo "2143"]
[PlyCount "75"]
[EventDate "2014.??.??"]

1. Nf3 d5 2. c4 Nf6 3. g3 e6 4. b3 Be7 5. Bg2 O-O 6. O-O c5 7. e3 d4 8. exd4
cxd4 9. d3 Nc6 10. Re1 Nd7 11. Ba3 Bxa3 12. Nxa3 Qf6 13. Qd2 a5 14. Qg5 Qxg5
15. Nxg5 Nc5 16. Red1 Nb4 17. Nb5 e5 18. Be4 h6 19. Nf3 Bg4 20. Kg2 f5 21. Bd5+
Nxd5 22. cxd5 e4 23. dxe4 fxe4 24. Nfxd4 Bxd1 25. Rxd1 a4 26. Nc3 axb3 27. axb3
Ra3 28. h3 Rd8 29. Re1 Re8 30. Re3 Rd8 31. f3 exf3+ 32. Kxf3 Nxb3 33. Ndb5 Rf8+
34. Kg4 Ra6 35. d6 Rc6 36. h4 Nd2 37. Rd3 Nc4 38. h5 0-1

[Event "Lichtenrader Herbst 2014"]
[Site "Berlin-Lichtenrade"]
[Date "2014.10.18"]
[Round "1.15"]
[White "Rietze, Clemens"]
[Black "Seefeld, Marc"]
[Result "1-0"]
[WhiteElo "2251"]
[BlackElo "1875"]
[PlyCount "51"]
[EventDate "2014.??.??"]

1. d4 Nf6 2. c4 e6 3. Nc3 Bb4 4. Qb3 Bxc3+ 5. Qxc3 d5 6. Nf3 Ne4 7. Qc2 O-O 8.
e3 Nd7 9. Bd3 f5 10. b3 c6 11. O-O Qe8 12. Ne5 Nxe5 13. dxe5 Qh5 14. f3 Ng5 15.
a4 Bd7 16. Ba3 Rf7 17. Be2 Qh6 18. Rad1 Be8 19. e4 dxc4 20. exf5 Rxf5 21. f4
cxb3 22. Qxb3 Nf7 23. Qxb7 Rd8 24. Qe7 g5 25. Rxd8 Nxd8 26. Qxe8+ 1-0

[Event "Lichtenrader Herbst 2014"]
[Site "Berlin-Lichtenrade"]
[Date "2014.10.18"]
[Round "1.16"]
[White "Ziems, Michael"]
[Black "Dimitrijeski, Kristian"]
[Result "0-1"]
[WhiteElo "1818"]
[BlackElo "2205"]
[PlyCount "54"]
[EventDate "2014.??.??"]

1. d4 d5 2. c4 c6 3. Nc3 e5 4. cxd5 cxd5 5. e3 e4 6. Qb3 Nf6 7. Nge2 Nc6 8. Nf4
Na5 9. Bb5+ Bd7 10. Qa4 Bc6 11. b4 a6 12. bxa5 axb5 13. Qb3 Qxa5 14. O-O b4 15.
Nb1 Bb5 16. Re1 Bc4 17. Qb2 Qxa2 18. Rxa2 Rxa2 19. Nd2 Rxb2 20. Bxb2 Bd6 21.
Ra1 Kd7 22. f3 g5 23. Nh3 g4 24. Ng5 gxf3 25. Nxf7 Rg8 26. g3 Ng4 27. Ra4 f2+
0-1

[Event "Lichtenrader Herbst 2014"]
[Site "Berlin-Lichtenrade"]
[Date "2014.10.18"]
[Round "1.17"]
[White "Lagunow, Raphael"]
[Black "Damm, Holger"]
[Result "1-0"]
[WhiteElo "2172"]
[BlackElo "1844"]
[PlyCount "29"]
[EventDate "2014.??.??"]

1. e4 e5 2. Nf3 Nc6 3. Bc4 Bc5 4. b4 Bxb4 5. c3 Ba5 6. d4 exd4 7. Qb3 Qe7 8.
O-O Nf6 9. e5 Ne4 10. Ba3 d6 11. Bd5 Nxc3 12. exd6 cxd6 13. Nxc3 Bxc3 14. Rae1
Bxe1 15. Rxe1 1-0

[Event "Lichtenrader Herbst 2014"]
[Site "Berlin-Lichtenrade"]
[Date "2014.10.18"]
[Round "1.18"]
[White "Lasschuit, Rene"]
[Black "Kierzek, Matthias"]
[Result "0-1"]
[WhiteElo "1727"]
[BlackElo "2230"]
[PlyCount "36"]
[EventDate "2014.??.??"]

1. d4 d5 2. Nf3 c5 3. c3 Nc6 4. dxc5 e5 5. b4 Nf6 6. b5 Na5 7. Nxe5 Bxc5 8. e3
O-O 9. Nd3 Bd6 10. Ba3 Nc4 11. Bxd6 Qxd6 12. Nd2 Bg4 13. Be2 Nxd2 14. Qxd2 Ne4
15. Qb2 Bxe2 16. Kxe2 Rac8 17. Rac1 Qf6 18. c4 dxc4 0-1

[Event "Lichtenrader Herbst 2014"]
[Site "Berlin-Lichtenrade"]
[Date "2014.10.18"]
[Round "1.19"]
[White "Boewer, Roland"]
[Black "Brumme, Christoph"]
[Result "1-0"]
[WhiteElo "2248"]
[BlackElo "1683"]
[PlyCount "97"]
[EventDate "2014.??.??"]

1. Nf3 d6 2. e4 c6 3. d4 g6 4. Nc3 Bg7 5. Be2 e6 6. O-O Ne7 7. Bf4 h6 8. Qd2 a5
9. Rfd1 g5 10. Be3 Ng6 11. d5 cxd5 12. exd5 e5 13. Na4 Nd7 14. c4 b6 15. Qc2
Nc5 16. Nd2 O-O 17. a3 f5 18. Nc3 Nf4 19. Bf1 Nd7 20. Nb5 Nf6 21. b4 Ng6 22. f3
Ne7 23. Bf2 Bb7 24. Rac1 axb4 25. axb4 Rf7 26. Ra1 Rc8 27. Qa4 g4 28. Qa7 Bxd5
29. Bxb6 Qd7 30. Qxd7 Nxd7 31. Bf2 e4 32. Rac1 Be5 33. cxd5 Rxc1 34. Rxc1 gxf3
35. Rd1 fxg2 36. Bxg2 Rg7 37. Nc4 f4 38. Kf1 e3 39. Ncxd6 exf2 40. Kxf2 Bxd6
41. Nxd6 Nf6 42. Ne8 Rf7 43. d6 Nf5 44. d7 Nxd7 45. Rxd7 Ne3 46. Rxf7 Kxf7 47.
Nc7 Ng4+ 48. Kf3 Ne5+ 49. Ke4 1-0

[Event "Lichtenrader Herbst 2014"]
[Site "Berlin-Lichtenrade"]
[Date "2014.10.18"]
[Round "1.20"]
[White "Schreiber, Ben-Luca"]
[Black "Major, Vitalij"]
[Result "1/2-1/2"]
[WhiteElo "1702"]
[BlackElo "2202"]
[PlyCount "97"]
[EventDate "2014.??.??"]

1. d4 Nf6 2. c4 e6 3. Nc3 Bb4 4. Bd2 d5 5. cxd5 exd5 6. e3 O-O 7. Nf3 c6 8. Be2
Qe7 9. Qc2 Ne4 10. Nxe4 dxe4 11. Bxb4 Qxb4+ 12. Nd2 Bf5 13. O-O Re8 14. Bc4 Nd7
15. Qc3 Qe7 16. Rfc1 h5 17. Qb3 Nf6 18. Bf1 h4 19. Rc5 g6 20. Re5 Qc7 21. Nc4
Be6 22. Qb4 Ng4 23. Qd6 Qxd6 24. Nxd6 Red8 25. Nxb7 Rdb8 26. Rxe6 fxe6 27. Nc5
Rxb2 28. Nxe4 Rf8 29. Bc4 Nxf2 30. Bxe6+ Kg7 31. Nc5 Rd2 32. Bd7 Rf6 33. e4 Nd3
34. e5 Rff2 35. Ne6+ Kf7 36. Ng5+ Ke7 37. Bxc6 Rfe2 38. Bf3 Re1+ 39. Rxe1 Nxe1
40. Be4 Rxd4 41. Kf2 Nc2 42. Ke2 Rc4 43. Kd3 Rc8 44. a4 Nb4+ 45. Kd4 Nc6+ 46.
Kd5 Nb4+ 47. Kd4 Nc2+ 48. Kd3 Nb4+ 49. Kd4 1/2-1/2

[Event "Lichtenrader Herbst 2014"]
[Site "Berlin-Lichtenrade"]
[Date "2014.10.19"]
[Round "2.1"]
[White "Witte, Ronald"]
[Black "Perunovic, Milos"]
[Result "0-1"]
[WhiteElo "2053"]
[BlackElo "2620"]
[PlyCount "73"]
[EventDate "2014.??.??"]

1. d4 Nf6 2. c4 c5 3. d5 b5 4. cxb5 a6 5. e3 g6 6. Nc3 Bg7 7. Nf3 O-O 8. e4
axb5 9. e5 Ng4 10. Bxb5 Nxe5 11. Nxe5 Bxe5 12. O-O Ba6 13. Qe2 d6 14. a4 Bxb5
15. Nxb5 Nd7 16. Bh6 Re8 17. f4 Bf6 18. f5 Ne5 19. fxg6 hxg6 20. Bf4 Qb6 21.
Bxe5 Bxe5 22. Ra3 Kg7 23. g3 Rh8 24. Qf2 f5 25. Kg2 Rh5 26. h4 f4 27. gxf4 Bf6
28. Rh1 Rxd5 29. h5 Rh8 30. hxg6 Qb7 31. Rf3 Rxh1 32. Kxh1 Rd3 33. Kg2 Rb3 34.
Kg3 Bh4+ 35. Kxh4 Rxf3 36. Qh2 Rf1 37. Kg5 {Zü.} 0-1

[Event "Lichtenrader Herbst 2014"]
[Site "Berlin-Lichtenrade"]
[Date "2014.10.19"]
[Round "2.2"]
[White "Danin, Alexandre"]
[Black "Hahlbohm, Matthias"]
[Result "1-0"]
[WhiteElo "2563"]
[BlackElo "2054"]
[PlyCount "77"]
[EventDate "2014.??.??"]

1. e4 e6 2. d4 d5 3. Nc3 Nf6 4. e5 Nfd7 5. f4 c5 6. Nf3 Nc6 7. Be3 g6 8. Qd2
cxd4 9. Nxd4 Bc5 10. O-O-O Bxd4 11. Bxd4 Nxd4 12. Qxd4 a6 13. Ne2 b5 14. Qe3
Qb6 15. Nd4 Nc5 16. Be2 h5 17. g3 Bd7 18. h3 O-O-O 19. g4 hxg4 20. hxg4 Kb7 21.
Bf3 Ka7 22. f5 gxf5 23. gxf5 Rdg8 24. Rxh8 Rxh8 25. Qg5 Qd8 26. Qxd8 Rxd8 27.
b4 Nb7 28. Rg1 Re8 29. Rg7 Nd8 30. f6 Rh8 31. Kd2 Kb6 32. Ke3 Be8 33. Rg5 Kc7
34. Rh5 Rg8 35. Kf4 Rg1 36. Rh8 Kd7 37. Nb3 Nb7 38. Nc5+ Nxc5 39. bxc5 1-0

[Event "Lichtenrader Herbst 2014"]
[Site "Berlin-Lichtenrade"]
[Date "2014.10.19"]
[Round "2.3"]
[White "Richter, Goetz"]
[Black "Stopa, Jacek"]
[Result "0-1"]
[WhiteElo "2051"]
[BlackElo "2515"]
[PlyCount "97"]
[EventDate "2014.??.??"]

1. e4 d6 2. d4 Nf6 3. Nc3 c6 4. g3 Qa5 5. Bg2 e5 6. Nge2 Be7 7. h3 b5 8. O-O b4
9. Nb1 Ba6 10. Re1 O-O 11. b3 c5 12. d5 c4 13. c3 cxb3 14. cxb4 Qxb4 15. axb3
Rc8 16. Be3 Bd8 17. Nec3 Qb7 18. Na4 Nbd7 19. Nd2 Ba5 20. Bf1 Bxf1 21. Kxf1
Rab8 22. Rb1 Ne8 23. Kg2 f5 24. f3 Ndf6 25. Rb2 Rc7 26. Qb1 Rbc8 27. Re2 Qb5
28. Nc4 Bb4 29. Ra2 Nd7 30. Qd3 fxe4 31. fxe4 Qb8 32. Ra1 Rb7 33. Rf2 Nef6 34.
g4 h6 35. Raf1 Nh7 36. h4 Ndf8 37. Qe2 Ng6 38. Kh3 Re8 39. Rf5 Qd8 40. Qf2 Rbe7
41. Nab2 Bc3 42. Nd3 Rb7 43. g5 hxg5 44. hxg5 Bd4 45. Kg4 Rxb3 46. Rf7 Bxe3 47.
Rxg7+ Kxg7 48. Qf7+ Kh8 49. Qxg6 0-1

[Event "Lichtenrader Herbst 2014"]
[Site "Berlin-Lichtenrade"]
[Date "2014.10.19"]
[Round "2.4"]
[White "Milanovic, Danilo"]
[Black "Kirchhof, Arno"]
[Result "1-0"]
[WhiteElo "2485"]
[BlackElo "2053"]
[PlyCount "131"]
[EventDate "2014.??.??"]

1. d4 d5 2. c4 e6 3. Nc3 Be7 4. Nf3 Nf6 5. Bf4 Nbd7 6. e3 c6 7. h3 O-O 8. Rc1
b6 9. cxd5 exd5 10. Bd3 Bb7 11. O-O c5 12. dxc5 Nxc5 13. Be2 Ne6 14. Be5 Rc8
15. Qd3 Nd7 16. Bh2 Ndc5 17. Qb1 Ne4 18. Nb5 a6 19. Rxc8 Bxc8 20. Nbd4 Nxd4 21.
exd4 Bd6 22. Bxd6 Qxd6 23. Bd3 Bb7 24. Re1 Rc8 25. Qd1 Qb4 26. Re2 a5 27. a3
Qd6 28. Re3 f6 29. Nd2 Qf4 30. Nf3 Qc7 31. Qe2 Qf4 32. Qe1 Qc7 33. Qe2 Qf4 34.
g3 Qc7 35. Kg2 Qc1 36. Ne1 Qc7 37. Qd1 Kf7 38. Nf3 Re8 39. Qe2 Re7 40. Nh4 g6
41. Nf3 Nd6 42. Rxe7+ Qxe7 43. Qc2 Kg7 44. Ng1 Qd7 45. Ne2 Qc8 46. Nc3 Bc6 47.
h4 Qg4 48. Ne2 Qd7 49. Nf4 Nb5 50. Bxg6 Nxd4 51. Qd3 hxg6 52. Qxd4 Qd6 53. Kh2
Bb7 54. Qd3 f5 55. Qd4+ Kf7 56. Qh8 Qf6 57. Qb8 Qc6 58. Nd3 Ke6 59. Qg8+ Kf6
60. Qd8+ Ke6 61. Nf4+ Kf7 62. Nh3 Ke6 63. Ng5+ Ke5 64. Qe7+ Kd4 65. Nf3+ Kc4
66. Ne5+ 1-0

[Event "Lichtenrader Herbst 2014"]
[Site "Berlin-Lichtenrade"]
[Date "2014.10.19"]
[Round "2.5"]
[White "Arndt, Uwe"]
[Black "Kovalev, Andrei"]
[Result "0-1"]
[WhiteElo "1980"]
[BlackElo "2475"]
[PlyCount "48"]
[EventDate "2014.??.??"]

1. d4 Nf6 2. c4 g6 3. Nc3 Bg7 4. e4 d6 5. Nf3 O-O 6. h3 Na6 7. Be3 Qe8 8. Rb1
c5 9. Qc2 b6 10. a3 cxd4 11. Bxd4 Nc5 12. Bxf6 exf6 13. Be2 f5 14. Nd2 Bxc3 15.
Qxc3 fxe4 16. O-O Bb7 17. b4 Ne6 18. f3 Nf4 19. Rbe1 f5 20. fxe4 fxe4 21. Bf3
exf3 22. Rxe8 Raxe8 23. Qb3 fxg2 24. Rxf4 Re1+ 0-1

[Event "Lichtenrader Herbst 2014"]
[Site "Berlin-Lichtenrade"]
[Date "2014.10.19"]
[Round "2.6"]
[White "Kurayan, Ruslan"]
[Black "Greiser, Christian"]
[Result "1-0"]
[WhiteElo "2404"]
[BlackElo "1959"]
[PlyCount "47"]
[EventDate "2014.??.??"]

1. e4 e5 2. Nf3 Nf6 3. Nxe5 d6 4. Nf3 Nxe4 5. d4 Be7 6. Bd3 d5 7. O-O O-O 8. c4
c6 9. Nc3 Nxc3 10. bxc3 Be6 11. cxd5 cxd5 12. Bf4 Nd7 13. Qb1 h6 14. Qxb7 Nb6
15. Bc7 Qc8 16. Ba6 Bd8 17. Bd6 Re8 18. Rfe1 Qxc3 19. Bb5 Bc8 20. Rxe8+ Kh7 21.
Qxf7 Qxa1+ 22. Re1 Qc3 23. Be5 Qxe1+ 24. Nxe1 1-0

[Event "Lichtenrader Herbst 2014"]
[Site "Berlin-Lichtenrade"]
[Date "2014.10.19"]
[Round "2.7"]
[White "Gebert-Vangeel, Ralf"]
[Black "Meister, Jakob"]
[Result "0-1"]
[WhiteElo "2023"]
[BlackElo "2463"]
[PlyCount "78"]
[EventDate "2014.??.??"]

1. e4 c5 2. Nf3 e6 3. d4 cxd4 4. Nxd4 a6 5. Bd3 Qc7 6. Nc3 b5 7. Be3 Nf6 8. O-O
Bb7 9. f3 Bd6 10. f4 Bc5 11. Qf3 h5 12. Nb3 d6 13. Nxc5 dxc5 14. b3 Nbd7 15.
Qe2 b4 16. e5 bxc3 17. exf6 Nxf6 18. f5 e5 19. Bf4 Nd7 20. Rfe1 f6 21. Bc4
O-O-O 22. Be3 Qc6 23. Qf2 Nb6 24. Be6+ Kb8 25. Rad1 Rd4 26. Bxd4 cxd4 27. Rd3
h4 28. Qf3 g5 29. Qg4 Rd8 30. Rxe5 fxe5 31. Qxg5 Qc7 32. Qxh4 e4 33. Rd1 d3 34.
Qg5 Rh8 35. h3 Qc5+ 36. Kh2 d2 37. Qg4 Qe5+ 38. Kg1 e3 39. Kf1 a5 0-1

[Event "Lichtenrader Herbst 2014"]
[Site "Berlin-Lichtenrade"]
[Date "2014.10.19"]
[Round "2.8"]
[White "Figura, Atila Gajo"]
[Black "Sappok, Marius"]
[Result "1-0"]
[WhiteElo "2372"]
[BlackElo "2012"]
[PlyCount "51"]
[EventDate "2014.??.??"]

1. Nf3 Nf6 2. c4 c5 3. g3 d5 4. cxd5 Nxd5 5. Bg2 Nc6 6. Nc3 Nc7 7. O-O e5 8. a3
f6 9. e3 Be7 10. d4 cxd4 11. exd4 exd4 12. Ne2 d3 13. Nf4 O-O 14. Qb3+ Kh8 15.
Rd1 Bf5 16. Be3 Be4 17. Nxd3 Qd5 18. Qxb7 Rab8 19. Qxc7 Bd6 20. Qd7 Rfd8 21.
Nc5 Rxd7 22. Rxd5 Bxd5 23. Nxd7 Rxb2 24. Rd1 Bxf3 25. Bxf3 Ne5 26. Nxe5 1-0

[Event "Lichtenrader Herbst 2014"]
[Site "Berlin-Lichtenrade"]
[Date "2014.10.19"]
[Round "2.9"]
[White "Rogozenco, Teodora"]
[Black "Kalinitschew, Sergey"]
[Result "0-1"]
[WhiteElo "1940"]
[BlackElo "2386"]
[PlyCount "52"]
[EventDate "2014.??.??"]

1. d4 d6 2. Nf3 Nf6 3. c4 g6 4. Nc3 Bg7 5. g3 O-O 6. Bg2 Nbd7 7. O-O e5 8. e4
exd4 9. Nxd4 a6 10. Be3 Rb8 11. Qd2 Re8 12. f3 Ne5 13. b3 Bd7 14. Rac1 c5 15.
Nde2 b5 16. cxb5 axb5 17. Qxd6 b4 18. Nd5 Nxd5 19. Qxd5 Bb5 20. Qxd8 Rbxd8 21.
Rc2 Bd3 22. Rd2 c4 23. Rfd1 c3 24. Rxd3 Rxd3 25. Rxd3 Nxd3 26. Bf1 c2 0-1

[Event "Lichtenrader Herbst 2014"]
[Site "Berlin-Lichtenrade"]
[Date "2014.10.19"]
[Round "2.10"]
[White "Giemsa, Stephan"]
[Black "Kierzek, Mira"]
[Result "1-0"]
[WhiteElo "2331"]
[BlackElo "2024"]
[PlyCount "81"]
[EventDate "2014.??.??"]

1. d4 d5 2. c4 c6 3. Nf3 Nf6 4. e3 Bf5 5. Nc3 a6 6. Qb3 b5 7. cxd5 cxd5 8. a4
b4 9. Ne2 Nc6 10. Ng3 Bd7 11. Ne5 e6 12. Nxd7 Qxd7 13. Bd3 Be7 14. O-O O-O 15.
Qd1 g6 16. b3 Qd6 17. Bb2 h5 18. Rc1 Rfc8 19. e4 dxe4 20. Nxe4 Nxe4 21. Bxe4
Rab8 22. d5 Ne5 23. dxe6 Qxe6 24. Rxc8+ Rxc8 25. Bd5 Qf5 26. Qe2 Bf6 27. Qxa6
Rc2 28. Qa8+ Kg7 29. Be4 Qc8 30. Qxc8 Rxc8 31. Rb1 Rd8 32. a5 Rd6 33. Bb7 Nd7
34. Bxf6+ Kxf6 35. a6 Nb6 36. a7 Rd8 37. Kf1 Na8 38. Rc1 Ke7 39. Rc8 Rd7 40.
Rxa8 Rxb7 41. Re8+ 1-0

[Event "Lichtenrader Herbst 2014"]
[Site "Berlin-Lichtenrade"]
[Date "2014.10.19"]
[Round "2.11"]
[White "Lerch, Philipp"]
[Black "Flohr, Marcel"]
[Result "1-0"]
[WhiteElo "2297"]
[BlackElo "1932"]
[PlyCount "119"]
[EventDate "2014.??.??"]

1. c4 e5 2. g3 f5 3. Bg2 Nf6 4. Nf3 Nc6 5. O-O Be7 6. Nc3 O-O 7. d3 Kh8 8. Bd2
d6 9. Rb1 Qe8 10. Nd5 Bd8 11. Bc3 Ne7 12. Nxf6 Rxf6 13. e3 Rh6 14. Nd2 c6 15.
Kh1 Qg6 16. Re1 Bb6 17. Qe2 Be6 18. Nf1 Rf8 19. f4 Bc7 20. Qf2 e4 21. Qc2 d5
22. b3 Ng8 23. Kg1 Nf6 24. Bd4 a6 25. a4 Bd8 26. Bc3 exd3 27. Qxd3 Ne4 28. Bd4
Ba5 29. Red1 Bb4 30. cxd5 Bxd5 31. Rdc1 Re8 32. Be5 Qf7 33. Qd4 a5 34. g4 Rg6
35. g5 Bxb3 36. h4 Bd5 37. h5 Rge6 38. h6 Bf8 39. hxg7+ Bxg7 40. Bxg7+ Kg8 41.
Be5 h6 42. Nd2 Ng3 43. Kf2 Bxg2 44. Kxg3 Bd5 45. Rh1 Qh7 46. Nf3 h5 47. Kf2
Bxf3 48. Kxf3 h4 49. Kf2 h3 50. Rbg1 c5 51. Qd5 Qh4+ 52. Rg3 h2 53. Kg2 Qh5 54.
Rxh2 Qe2+ 55. Kh1 Qe1+ 56. Rg1 Qxe3 57. Rh8+ Kf7 58. g6+ Ke7 59. Qxb7+ Kd8 60.
Qc7# 1-0

[Event "Lichtenrader Herbst 2014"]
[Site "Berlin-Lichtenrade"]
[Date "2014.10.19"]
[Round "2.12"]
[White "Sawlin, Leonid"]
[Black "Pesola, Jyrki"]
[Result "1-0"]
[WhiteElo "2143"]
[BlackElo "1915"]
[PlyCount "187"]
[EventDate "2014.??.??"]

1. e4 c5 2. Nf3 Nf6 3. Nc3 d6 4. d4 cxd4 5. Nxd4 Nc6 6. h3 Bd7 7. g4 Nxd4 8.
Qxd4 Bc6 9. Bg2 e5 10. Qd3 Be7 11. O-O O-O 12. Be3 Qc7 13. a4 b6 14. Rfd1 Rfd8
15. g5 Nd7 16. h4 Nc5 17. Qc4 Qb7 18. Nd5 Bxd5 19. exd5 Rac8 20. Qg4 Qd7 21.
Qf3 Qe8 22. b3 Rc7 23. Bf1 f6 24. Bb5 Qf7 25. b4 Nd7 26. Bd3 g6 27. c4 f5 28.
Bf1 Bf8 29. a5 Bg7 30. axb6 axb6 31. Ra6 e4 32. Qg3 Be5 33. f4 exf3 34. Qxf3
Rb8 35. Qf2 Rcb7 36. Bf4 Qg7 37. Ra3 Re8 38. Bxe5 Qxe5 39. Rdd3 Qe1 40. Qxe1
Rxe1 41. Re3 Rxe3 42. Rxe3 Nf8 43. c5 bxc5 44. bxc5 dxc5 45. d6 Rd7 46. Bc4+
Kh8 47. Rd3 Kg7 48. Kf2 h6 49. Kf3 hxg5 50. hxg5 Nh7 51. Kf4 Kf8 52. Bb5 Rd8
53. Bc6 c4 54. Rd1 c3 55. Ba4 Kf7 56. Bb3+ Kf8 57. Rd3 Kg7 58. Rxc3 Nxg5 59.
Kxg5 Rxd6 60. Rc7+ Kf8 61. Bf7 f4 62. Bxg6 f3 63. Rf7+ Ke8 64. Bh5 Kd8 65. Bxf3
Rd7 66. Rf6 Rg7+ 67. Kf5 Ra7 68. Ke5 Re7+ 69. Kd4 Rh7 70. Kc5 Ke7 71. Ra6 Rh2
72. Kd5 Rd2+ 73. Ke5 Rf2 74. Ra7+ Kf8 75. Bd5 Re2+ 76. Be4 Re1 77. Kf5 Rf1+ 78.
Ke6 Re1 79. Ke5 Re2 80. Rh7 Kg8 81. Rb7 Kf8 82. Kf5 Rf2+ 83. Kg6 Ke8 84. Bf5
Rd2 85. Kf6 Kd8 86. Be6 Rf2+ 87. Ke5 Re2+ 88. Kd6 Rd2+ 89. Bd5 Kc8 90. Ra7 Rb2
91. Rg7 Rb6+ 92. Bc6 Kb8 93. Rg8+ Ka7 94. Ra8# 1-0

[Event "Lichtenrader Herbst 2014"]
[Site "Berlin-Lichtenrade"]
[Date "2014.10.19"]
[Round "2.13"]
[White "Buttkus, Andre"]
[Black "Rietze, Clemens"]
[Result "1/2-1/2"]
[WhiteElo "2044"]
[BlackElo "2250"]
[PlyCount "52"]
[EventDate "2014.??.??"]

1. d4 Nf6 2. c4 g6 3. Nc3 d5 4. cxd5 Nxd5 5. Nf3 Bg7 6. g3 O-O 7. Bg2 Nc6 8.
O-O Nb6 9. Bf4 Be6 10. Qc1 Nxd4 11. Nxd4 Qxd4 12. Bxb7 Rab8 13. Bf3 Nc4 14. Rd1
Qc5 15. b3 Qb4 16. Nd5 Bxd5 17. Bxd5 Nd6 18. Bh6 Nb5 19. Bxg7 Kxg7 20. Bc4 Nd6
21. Bd3 c5 22. Qe3 Rfe8 23. Rac1 Rbc8 24. Ba6 Rc6 25. Bd3 a5 26. Bc4 a4 1/2-1/2

[Event "Lichtenrader Herbst 2014"]
[Site "Berlin-Lichtenrade"]
[Date "2014.10.19"]
[Round "2.14"]
[White "Dimitrijeski, Kristian"]
[Black "Schmalzried, Volker"]
[Result "1-0"]
[WhiteElo "2205"]
[BlackElo "1897"]
[PlyCount "61"]
[EventDate "2014.??.??"]

1. d4 g6 2. c4 Bg7 3. e4 c5 4. d5 d6 5. Nf3 Nf6 6. Nc3 O-O 7. Be2 Na6 8. O-O
Nc7 9. h3 a6 10. a4 Rb8 11. Qc2 e5 12. dxe6 Bxe6 13. Bf4 Nfe8 14. Rad1 Qe7 15.
Rfe1 f5 16. exf5 Rxf5 17. Bg3 Rd8 18. Bd3 Rh5 19. Nd5 Nxd5 20. cxd5 Rxd5 21.
Bc4 Rxd1 22. Qxd1 Nc7 23. Bxe6+ Nxe6 24. Qd5 Be5 25. Bxe5 dxe5 26. Qxe5 Re8 27.
Ng5 Nxg5 28. Qxe7 Rxe7 29. Rxe7 b5 30. axb5 axb5 31. Re5 1-0

[Event "Lichtenrader Herbst 2014"]
[Site "Berlin-Lichtenrade"]
[Date "2014.10.19"]
[Round "2.15"]
[White "Kunze, Michael"]
[Black "Lagunow, Raphael"]
[Result "1/2-1/2"]
[WhiteElo "1945"]
[BlackElo "2172"]
[PlyCount "51"]
[EventDate "2014.??.??"]

1. e4 c5 2. Nf3 Nc6 3. d4 cxd4 4. Nxd4 g6 5. Nc3 Bg7 6. Be3 Nf6 7. Be2 O-O 8.
Qd2 d5 9. exd5 Nb4 10. Rd1 Nfxd5 11. Nxd5 Nxd5 12. Bh6 Qb6 13. Bxg7 Kxg7 14. c4
Nf6 15. Qc3 a5 16. O-O Qb4 17. Nb5 Bd7 18. a3 Qxc3 19. Nxc3 Rfc8 20. b3 Ra6 21.
Nd5 Nxd5 22. Rxd5 Bc6 23. Rd2 Raa8 24. Rfd1 Kf8 25. f4 Ke8 26. Kf2 1/2-1/2

[Event "Lichtenrader Herbst 2014"]
[Site "Berlin-Lichtenrade"]
[Date "2014.10.19"]
[Round "2.16"]
[White "Kierzek, Matthias"]
[Black "Schmidt, Juergen"]
[Result "1-0"]
[WhiteElo "2230"]
[BlackElo "2005"]
[PlyCount "56"]
[EventDate "2014.??.??"]

1. d4 d5 2. c4 c6 3. Nf3 Nf6 4. Nc3 e6 5. Bg5 Nbd7 6. e3 Bd6 7. Bd3 h6 8. Bh4
dxc4 9. Bxc4 Qa5 10. O-O g5 11. Bg3 Bxg3 12. fxg3 g4 13. Nd2 Qg5 14. Qe2 Nd5
15. Rae1 h5 16. e4 Nxc3 17. bxc3 b5 18. e5 Qg7 19. Bd3 Kd8 20. Ne4 Rf8 21. Nd6
Kc7 22. Qe4 Nb6 23. Rf6 Nd5 24. Ref1 Qg5 25. Rxf7+ Rxf7 26. Rxf7+ Kd8 27. Qh7
Ne7 28. Rf6 Rb8 1-0

[Event "Lichtenrader Herbst 2014"]
[Site "Berlin-Lichtenrade"]
[Date "2014.10.19"]
[Round "2.17"]
[White "Hoermann, David"]
[Black "Boewer, Roland"]
[Result "1-0"]
[WhiteElo "1973"]
[BlackElo "2248"]
[PlyCount "75"]
[EventDate "2014.??.??"]

1. e4 d6 2. d4 g6 3. Be3 Bg7 4. Nc3 c6 5. Qd2 b5 6. f3 Qc7 7. g4 Nd7 8. Nce2 a6
9. Ng3 Bb7 10. O-O-O c5 11. Kb1 e6 12. c3 O-O-O 13. h4 h6 14. Qf2 Kb8 15. N1e2
Rc8 16. Nc1 Ne7 17. Nb3 Rhf8 18. g5 hxg5 19. hxg5 c4 20. Nd2 Rh8 21. Bg2 Rcf8
22. Rxh8 Rxh8 23. Rh1 Qd8 24. Qf1 Qg8 25. Kc2 Rh7 26. f4 Qh8 27. Rxh7 Qxh7 28.
Qh1 Qxh1 29. Nxh1 Kc7 30. Bf3 f5 31. gxf6 Nxf6 32. Nf2 Bh6 33. Nh3 e5 34. fxe5
Bxe3 35. exf6 Nc8 36. e5 Bxf3 37. Nxf3 Kd7 38. Nhg5 1-0

[Event "Lichtenrader Herbst 2014"]
[Site "Berlin-Lichtenrade"]
[Date "2014.10.19"]
[Round "2.18"]
[White "Voigt, Ingo"]
[Black "Schnabel, Ralf"]
[Result "0-1"]
[WhiteElo "2031"]
[BlackElo "2195"]
[PlyCount "72"]
[EventDate "2014.??.??"]

1. e4 c5 2. Nf3 Nc6 3. g3 g6 4. Bg2 Bg7 5. O-O e6 6. Re1 Nge7 7. Nc3 O-O 8. d3
Nd4 9. Nxd4 cxd4 10. Ne2 d6 11. Rb1 Qc7 12. Bd2 Bd7 13. c4 a5 14. Qc1 Rfc8 15.
Bh6 e5 16. h4 b5 17. b3 a4 18. Bxg7 Kxg7 19. h5 f6 20. h6+ Kh8 21. bxa4 bxc4
22. dxc4 Rxa4 23. Qb2 Rxc4 24. Rec1 Ng8 25. Qd2 Be6 26. f4 Qa7 27. Kf1 Qa6 28.
Ke1 Qa3 29. Rxc4 Rxc4 30. Rb8 Rc7 31. f5 Bxa2 32. g4 d3 33. g5 Rc2 34. fxg6
hxg6 35. Qd1 Rxe2+ 36. Kf1 Qc5 0-1